[Event "Lyon op"]
[Site "Lyon"]
[Date "1995.??.??"]
[Round "4"]
[White "Dubernard, C."]
[Black "Gervais, Claire"]
[Result "0-1"]
[WhiteElo "1660"]
[BlackElo "2205"]
[PlyCount "68"]
[EventDate "1995.??.??"]
[EventType "swiss"]
[EventRounds "9"]
[EventCountry "FRA"]
[SourceTitle "EXT 1999"]
[Source "ChessBase"]
[SourceDate "1998.11.16"]
[SourceVersion "1"]
[SourceVersionDate "1998.11.16"]
[SourceQuality "1"]

1. d4 Nf6 2. c4 e6 3. Nc3 Bb4 4. Bg5 h6 5. Bxf6 Qxf6 6. e3 0-0 7. a3 Bxc3+ 8. bxc3 b6 9. Qf3 Nc6 10. Qxf6 gxf6 11. f4 Ba6 12. Nf3 Na5 13. Nd2 Rfe8 14. Kf2 Rac8 15. Be2 Kg7 16. Rac1 c6 17. Ne4 Nb7 18. c5 Bxe2 19. Kxe2 f5 20. Nd6 Nxd6 21. cxd6 c5 22. Rhd1 Rc6 23. d5 Rxd6 24. dxe6 Rdxe6 25. Rxd7 Rxe3+ 26. Kf1 R8e7 27. Rd5 R7e4 28. Rxf5 Kg6 29. g4 Rf3+ 30. Kg2 Rfxf4 31. Rxf4 Rxf4 32. Kg3 Ra4 33. Ra1 b5 34. Rb1 a6 0-1